|
|
|
|
| LEADER |
00575nam a22001571a 4500 |
| 082 |
|
|
|a 192
|b JAL/B
|
| 100 |
|
|
|a Jalalul Haq
|9 118047
|
| 245 |
|
|
|a Bertrand Russel's philosophy of perception/
|c by Jalalul Haq.
|
| 260 |
|
|
|a Delhi:
|b Bharatiya Vidya Prakashan,
|c 1984.
|
| 300 |
|
|
|a 172p.
|
| 650 |
|
|
|a Philosophy
|z Britain
|9 118048
|
| 650 |
|
|
|a Philosophy Bertrand Russel
|9 118049
|
| 650 |
|
|
|a Philosophy
|9 118050
|
| 942 |
|
|
|c BK
|
| 999 |
|
|
|c 4442
|d 4442
|
| 952 |
|
|
|0 0
|1 0
|4 0
|6 192_000000000000000_JAL_B
|7 0
|9 6763
|a SSUS
|b SSUS
|c STACKS
|d 2015-01-08
|g 80.00
|o 192 JAL/B
|p 021084
|r 2015-01-08
|v 0.00
|w 2015-01-08
|y BK
|